Vista normal
Vista MARC
Entrada Materia (corporativa)
Número de registros utilizados en: 1
001 - CONTROL NUMBER
- control field: 161976
003 - CONTROL NUMBER IDENTIFIER
- control field: Co-BoUCM
005 - DATE AND TIME OF LATEST TRANSACTION
- control field: 20211110134547.0
008 - FIXED-LENGTH DATA ELEMENTS
- fixed length control field: 211110|| aca||aabn | a|a d
040 ## - CATALOGING SOURCE
- Original cataloging agency: Co-BoUCM
- Transcribing agency: Co-BoUCM
110 ## - HEADING--CORPORATE NAME
- Corporate name or jurisdiction name as entry element: Universidad Nacional de Colombia (Bogotá).
- Subordinate unit: Facultad de Ciencias Humanas
670 ## - SOURCE DATA FOUND
- Source citation: Work cat.: (Co-BoUCM)46416: Cardona Suárez, Carlos Alberto 161975, Wittgenstein & Gödel debate acerca del sentido y la interpretación de las proposiciones matemáticas, 2004